Fr. Conceicao Rodrigues College of Engineering

Handbook of Polymer Composites for Engineers (Record no. 22657)

MARC details
000 -LEADER
fixed length control field 00358nam a2200145Ia 4500
082 ## - DEWEY DECIMAL CLASSIFICATION NUMBER
Classification number 625.1892025
Item number H
100 ## - MAIN ENTRY--PERSONAL NAME
Personal name Hollaway Leonard ed
245 ## - TITLE STATEMENT
Title Handbook of Polymer Composites for Engineers
260 ## - PUBLICATION, DISTRIBUTION, ETC.
Name of publisher, distributor, etc. Jaico Pub
Place of publication, distribution, etc. Bombay
Date of publication, distribution, etc. 1995
300 ## - PHYSICAL DESCRIPTION
Extent 338
546 ## - LANGUAGE NOTE
Language note ENGLISH
654 ## - SUBJECT ADDED ENTRY--FACETED TOPICAL TERMS
Focus term Polymer composites for engineers
942 ## - ADDED ENTRY ELEMENTS (KOHA)
Koha item type Reference Book
Holdings
Withdrawn status Lost status Damaged status Not for loan Collection Home library Current library Shelving location Date acquired Source of acquisition Cost, normal purchase price Inventory number Total Checkouts Full call number Barcode Date last seen Cost, replacement price Price effective from Koha item type
        CRC Fr. Agnel's C.Rodrigues College of Engineering Fr. Agnel's C.Rodrigues College of Engineering   17/03/2023 global books 595.00 30   625.189202462 H 8195 17/03/2023 595.00 17/03/2023 Reference Book